000 00715nam a22002172 4500
001 0000012155
005 20151217152107.0
008 090211s xx 000 0 eng d
020 _a1557863369 :
040 _aKABU
_cKABU
100 1 _aWilson, Alexander.
_@0000168375
245 1 4 _aThe Culture of nature :
_bNorth American landscape from Disney to Exxon Valdez /
_cAlexander Wilson.
250 _a1st ed.
260 _aOxford :
_bBlackwell,
_c1992.
300 _a335 p.
650 0 _aLandscape assessment
_zNorth America.
_@0000168376
650 0 _aHuman ecology
_xPhilosophy
_zNorth America.
_@0000168377
852 1 _9p500 KES
908 _a090211
950 _@1
999 _c8193
_d8193